[Event "SF Buer 1 - FS Dortmund 1"]
[Site "Verbandsklasse, Gruppe 1 2017"]
[Date "2017.12.03"]
[Round "4.6"]
[White "Kreitling, Oliver"]
[Black "Schulz-Runge, Michael"]
[Result "1-0"]
[WhiteElo "1805"]
[BlackElo "1768"]
[PlyCount "101"]
[EventDate "2017.??.??"]

1. d4 Nf6 2. c4 e6 3. Nc3 d5 4. Nf3 Be7 5. Bg5 Nbd7 6. e3 c6 7. Bd3 h6 8. Bh4
dxc4 9. Bxc4 Nd5 10. Bxe7 Qxe7 11. e4 Nf4 12. O-O Nb6 13. Bb3 O-O 14. Qd2 Qf6
15. Ne2 Nxe2+ 16. Qxe2 Rd8 17. Qe3 Bd7 18. Rac1 Be8 19. Rc3 Rac8 20. Rfc1 Rc7
21. h4 Rcd7 22. Rd3 Nc8 23. Rcc3 Ne7 24. g3 Kh7 25. Kg2 Nc8 26. a4 Qe7 27. Rc5
f6 28. Rd2 Bf7 29. e5 f5 30. a5 a6 31. Ba2 Na7 32. b4 Nb5 33. Bc4 Nc7 34. Ng1
Bh5 35. f3 Rf8 36. Nh3 Nd5 37. Bxd5 Rxd5 38. Nf4 Rxc5 39. dxc5 Bf7 40. Nh3 Rd8
41. Rd6 Rd7 42. Qd2 Be8 43. Nf4 Qf7 44. Qc2 Re7 45. h5 Kg8 46. Qc4 Bd7 47. Ng6
Re8 48. Qd4 Bc8 49. Rd8 Kh7 50. Qd6 Qg8 51. Nf8+ 1-0

[Event "SF Buer 1 - FS Dortmund 1"]
[Site "Verbandsklasse, Gruppe 1 2017"]
[Date "2017.12.03"]
[Round "4.7"]
[White "Potyrala, Lukasz-Rafal"]
[Black "Seppelfricke, Guido"]
[Result "0-1"]
[WhiteElo "1670"]
[BlackElo "1790"]
[PlyCount "64"]
[EventDate "2017.??.??"]

1. d4 d5 2. Nf3 Nf6 3. Bf4 c6 4. c3 Bf5 5. e3 Nbd7 6. Bd3 Bxd3 7. Qxd3 e6 8.
Nbd2 Be7 9. h3 Qb6 10. b3 c5 11. O-O O-O 12. Ne5 Nxe5 13. dxe5 Ne8 14. Nf3 Nc7
15. Bg5 Bxg5 16. Nxg5 g6 17. f4 Rac8 18. g4 c4 19. Qd2 cxb3 20. axb3 Qxb3 21.
Rfb1 Qc4 22. Rb4 Qc5 23. Rxb7 Nb5 24. Ra5 a6 25. Rxa6 Ra8 26. Rab6 Ra1+ 27. Kg2
Nxc3 28. Rb2 Qc4 29. Qf2 Nd1 30. Qe1 Nxb2 31. Qxa1 Qe2+ 32. Kh1 Nd3 0-1

[Event "SF Buer 1 - FS Dortmund 1"]
[Site "Verbandsklasse, Gruppe 1 2017"]
[Date "2017.12.03"]
[Round "4.8"]
[White "Uebing, Burkhart"]
[Black "Alghawi, Abdullah"]
[Result "1/2-1/2"]
[WhiteElo "1617"]
[BlackElo "1582"]
[PlyCount "128"]
[EventDate "2017.??.??"]

1. d4 Nf6 2. c4 g6 3. Nc3 Bg7 4. e4 d6 5. Nf3 O-O 6. Be2 e5 7. dxe5 dxe5 8. Bg5
Nbd7 9. Qc2 c6 10. Rd1 Qe8 11. h3 Nh5 12. g4 Nf4 13. Qd2 f5 14. Bxf4 exf4 15.
exf5 gxf5 16. g5 Ne5 17. Kf1 Qe7 18. Qd6 Qe6 19. c5 Nxf3 20. Bxf3 Be5 21. Qxe6+
Bxe6 22. a3 Bb3 23. Rd7 Rab8 24. Kg2 Rfd8 25. Rxd8+ Rxd8 26. Re1 Bd4 27. Re7
Bxc5 28. Rxb7 Bc4 29. Nd1 Bb5 30. b4 Bb6 31. Re7 Rd6 32. Nc3 Ba6 33. Re5 Rd2
34. Be2 Bd4 35. Re8+ Kg7 36. Bxa6 Rxf2+ 37. Kh1 Bxc3 38. Re2 Rf3 39. Kh2 Re3
40. h4 Be1 41. Rxe3 fxe3 42. Kh3 Kg6 43. Bd3 Kh5 44. Be2+ Kg6 45. Bf3 Bd2 46.
Be2 Kf7 47. Kg2 Kg6 48. Kh3 Be1 49. Bf3 a5 50. bxa5 Bxa5 51. Be2 c5 52. a4 Kf7
53. Bc4+ Kg6 54. Bd3 Kf7 55. Bc4+ Kg7 56. Be2 Bc3 57. Bc4 h6 58. gxh6+ Kxh6 59.
Kg3 Be1+ 60. Kf4 Bxh4 61. Kxf5 Be1 62. Ke4 Bd2 63. Kd5 Bb4 64. Ke4 Bd2 1/2-1/2

[Event "SV Welper 2 - SV Hamm 2"]
[Site "Verbandsklasse, Gruppe 1 2017"]
[Date "2017.12.03"]
[Round "4.1"]
[White "Woertler, Lars-Erik"]
[Black "Marx, Patrick"]
[Result "1/2-1/2"]
[WhiteElo "1843"]
[BlackElo "1953"]
[PlyCount "81"]
[EventDate "2017.??.??"]

1. e4 c6 2. d4 d5 3. exd5 cxd5 4. Bd3 Nf6 5. c3 e6 6. Nf3 Be7 7. O-O Nbd7 8.
Re1 a6 9. a4 O-O 10. h3 Qc7 11. Bg5 Re8 12. Qe2 b6 13. Nbd2 Bb7 14. Qe3 Rac8
15. Bf4 Bd6 16. Bxd6 Qxd6 17. Ne5 Qc7 18. Ndf3 Ne4 19. Nxd7 Qxd7 20. Ne5 Qc7
21. Qe2 a5 22. Qc2 h6 23. Re2 Nd6 24. Rae1 Re7 25. f4 Rce8 26. Bh7+ Kh8 27. Bd3
Qc8 28. Qb3 Qc7 29. Re3 Kg8 30. Qc2 Ne4 31. Bb5 Rc8 32. Qe2 f6 33. Ng6 Rf7 34.
Qg4 f5 35. Qe2 Qd6 36. Ne5 Rfc7 37. Kh2 Qe7 38. Rg1 Kh7 39. Qh5 Qf6 40. Be8 g5
41. g3 1/2-1/2

[Event "SV Welper 2 - SV Hamm 2"]
[Site "Verbandsklasse, Gruppe 1 2017"]
[Date "2017.12.03"]
[Round "4.2"]
[White "Teich, Udo"]
[Black "Mustafic, Mustafa"]
[Result "1/2-1/2"]
[WhiteElo "1910"]
[BlackElo "1738"]
[PlyCount "87"]
[EventDate "2017.??.??"]

1. d4 Nf6 2. Nf3 g6 3. g3 Bg7 4. Bg2 O-O 5. O-O d5 6. c4 c6 7. cxd5 cxd5 8. Nc3
Nc6 9. b3 Ne4 10. Bb2 e6 11. e3 Nxc3 12. Bxc3 Bd7 13. Qd2 Qe7 14. Rfc1 Rfc8 15.
Ne1 f5 16. Nd3 b6 17. a4 Rab8 18. Bf1 h6 19. Nb4 Na5 20. Rab1 Ra8 21. Na6 Nb7
22. Bb4 Qd8 23. Bd3 Rxc1+ 24. Rxc1 Rc8 25. Rc2 Kf7 26. f3 Bf6 27. Kf2 Be7 28.
Bc3 Nd6 29. Kg2 Nb7 30. Qe2 Nd6 31. Qd2 Nb7 32. Be2 Nd6 33. Nb4 b5 34. Nd3 bxa4
35. Ne5+ Kg7 36. Nxd7 Qxd7 37. bxa4 Qxa4 38. Ra2 Qb3 39. Rxa7 Nb7 40. Bd1 Qb6
41. Ra2 Rc4 42. Be2 Rc7 43. Ba5 Nxa5 44. Qxa5 1/2-1/2

[Event "SV Welper 2 - SV Hamm 2"]
[Site "Verbandsklasse, Gruppe 1 2017"]
[Date "2017.12.03"]
[Round "4.3"]
[White "Sewarte, Jochen"]
[Black "Sharma, Danesh"]
[Result "0-1"]
[WhiteElo "1739"]
[BlackElo "1863"]
[PlyCount "88"]
[EventDate "2017.??.??"]

1. e4 e5 2. Nf3 Nc6 3. Bc4 Nf6 4. Nc3 Be7 5. d4 d6 6. dxe5 Nxe5 7. Nxe5 dxe5 8.
Qxd8+ Bxd8 9. O-O c6 10. a3 Ba5 11. b4 Bb6 12. Bb2 Bd4 13. Rfe1 Ke7 14. h3 Rd8
15. Kf1 a5 16. f3 Nh5 17. Red1 b5 18. Bd3 Rd6 19. Rdb1 Nf4 20. Nd1 Rg6 21. Bxd4
exd4 22. g4 Nxh3 23. c4 Nf4 24. Nf2 Nxd3 25. Nxd3 bxc4 26. Ne5 Re6 27. Nxc4 Ba6
28. Rc1 axb4 29. Kf2 Bxc4 30. Rxc4 Rxa3 31. Rxa3 bxa3 32. Rxd4 Rd6 33. Ra4 Rd3
34. Ke2 Rc3 35. f4 h6 36. e5 Ke6 37. Ra5 g6 38. Ra6 g5 39. Kd2 Rc4 40. Ke3 Rxf4
41. Rxc6+ Kxe5 42. Rxh6 Ra4 43. Rh1 a2 44. Ra1 Ra3+ 0-1

[Event "SV Welper 2 - SV Hamm 2"]
[Site "Verbandsklasse, Gruppe 1 2017"]
[Date "2017.12.03"]
[Round "4.4"]
[White "Leimkuehler, Dirk"]
[Black "Boelling, Andreas"]
[Result "1-0"]
[WhiteElo "1813"]
[BlackElo "1729"]
[PlyCount "74"]
[EventDate "2017.??.??"]

1. f4 b6 2. Nf3 Bb7 3. e3 Nf6 4. Nc3 e6 5. Be2 Bb4 6. Nb5 a6 7. Nbd4 O-O 8. c3
Bd6 9. d3 c5 10. Nc2 Qc7 11. O-O e5 12. fxe5 Bxe5 13. e4 d5 14. d4 Bf4 15. Bxf4
Qxf4 16. e5 Ne4 17. Qe1 f5 18. exf6 Nxf6 19. Ne5 Qg5 20. h4 Qh6 21. Bd3 Nbd7
22. Qg3 Nxe5 23. dxe5 Ne4 24. Bxe4 dxe4 25. Ne3 Qe6 26. Ng4 Kh8 27. b3 Rfe8 28.
h5 h6 29. Rad1 Rad8 30. Rd6 Rxd6 31. exd6 e3 32. Ne5 e2 33. Ng6+ Kh7 34. Re1
Bc8 35. Ne7 Bd7 36. Qd3+ Kh8 37. Rxe2 Qg4 1-0

[Event "SV Welper 2 - SV Hamm 2"]
[Site "Verbandsklasse, Gruppe 1 2017"]
[Date "2017.12.03"]
[Round "4.6"]
[White "Sharma, Rakesh"]
[Black "Brieger, Sebastian"]
[Result "1-0"]
[WhiteElo "1858"]
[BlackElo "1671"]
[PlyCount "69"]
[EventDate "2017.??.??"]

1. d4 d5 2. Bg5 h6 3. Bh4 c6 4. e3 Qb6 5. Bd3 e5 6. dxe5 Qb4+ 7. Nd2 Qxh4 8.
Ngf3 Qd8 9. O-O Bc5 10. c4 Ne7 11. Nd4 O-O 12. f4 Bxd4 13. exd4 Nf5 14. Bxf5
Bxf5 15. g4 Bd3 16. Rf2 dxc4 17. Nf3 b5 18. f5 Nd7 19. Qd2 Kh7 20. Re1 Re8 21.
h4 f6 22. e6 Nb6 23. g5 Bxf5 24. gxf6 Qxf6 25. Ref1 Qxe6 26. Ne5 Bg6 27. Rg2
Be4 28. Rg4 Bf5 29. Rgf4 Bd3 30. R1f3 Nd5 31. Rf7 Rg8 32. Rxd3 Kh8 33. Rg3 Ne7
34. Rxe7 Qxe7 35. Ng6+ 1-0

[Event "SG Drewer 1 - SV Rochade Eving 1"]
[Site "Verbandsklasse, Gruppe 1 2017"]
[Date "2017.12.03"]
[Round "4.1"]
[White "Michalek, Christoph"]
[Black "Arnold, Ulrich"]
[Result "1-0"]
[WhiteElo "2056"]
[BlackElo "1854"]
[PlyCount "69"]
[EventDate "2017.??.??"]

1. Nf3 Nf6 2. g3 b6 3. Bg2 Bb7 4. O-O e6 5. d3 Be7 6. e4 d6 7. Ne1 Nbd7 8. e5
Bxg2 9. exf6 Bxf1 10. fxe7 Qxe7 11. Kxf1 O-O 12. Nc3 d5 13. Qe2 Rfe8 14. Nf3 c5
15. Bd2 Qd6 16. d4 Qc6 17. Ne5 Nxe5 18. dxe5 a6 19. Qg4 Kh8 20. h4 Qc7 21. Bf4
Qd7 22. Rd1 Qb7 23. h5 Qe7 24. h6 gxh6 25. Bxh6 Rg8 26. Qh5 Rg6 27. Ne2 Rag8
28. Bf4 Kg7 29. Kg2 Rh8 30. Rh1 Kf8 31. Bh6+ Ke8 32. Nf4 Rgg8 33. Qe2 Qb7 34.
Nh5 Rg6 35. Bg7 1-0

[Event "SG Drewer 1 - SV Rochade Eving 1"]
[Site "Verbandsklasse, Gruppe 1 2017"]
[Date "2017.12.03"]
[Round "4.2"]
[White "Nebel, Uwe"]
[Black "Kleibaumhueter, Klaus"]
[Result "0-1"]
[WhiteElo "1869"]
[BlackElo "2086"]
[PlyCount "52"]
[EventDate "2017.??.??"]

1. e4 e6 2. d4 d5 3. Nd2 Nc6 4. Ngf3 Nh6 5. Bb5 Bd7 6. exd5 exd5 7. Qe2+ Be7 8.
Bxc6 bxc6 9. Ne5 Nf5 10. Nxd7 Qxd7 11. Nf3 O-O 12. O-O Rfe8 13. Qd3 Bd6 14. Bd2
Re4 15. c4 Nh4 16. Bc3 Ng6 17. c5 Nf4 18. Qd1 Qg4 19. g3 Qh3 20. gxf4 Rxf4 21.
Ne5 Bxe5 22. dxe5 Rg4+ 23. Qxg4 Qxg4+ 24. Kh1 d4 25. Ba5 Qf3+ 26. Kg1 Re8 0-1

[Event "SG Drewer 1 - SV Rochade Eving 1"]
[Site "Verbandsklasse, Gruppe 1 2017"]
[Date "2017.12.03"]
[Round "4.3"]
[White "Michalek, Franz"]
[Black "Uhlich, Wilfried"]
[Result "1/2-1/2"]
[WhiteElo "1883"]
[BlackElo "1831"]
[PlyCount "57"]
[EventDate "2017.??.??"]

1. d4 c6 2. Nf3 d5 3. c3 Nf6 4. Bg5 Nbd7 5. Nbd2 Qb6 6. b4 g6 7. e3 Bg7 8. Bd3
O-O 9. O-O Re8 10. a4 e5 11. dxe5 Nxe5 12. Nxe5 Rxe5 13. a5 Qd8 14. Bf4 Re8 15.
Qc2 Nh5 16. Bg3 Nxg3 17. hxg3 Qf6 18. Rac1 Be6 19. Nb3 Rad8 20. Nd4 Bc8 21.
Rfd1 Bh6 22. Re1 Re7 23. Qe2 Rde8 24. Qf1 Qg5 25. Ra1 Bd7 26. Nf3 Qf6 27. Nd4
Qg5 28. Nf3 Qf6 29. Nd4 1/2-1/2

[Event "SG Drewer 1 - SV Rochade Eving 1"]
[Site "Verbandsklasse, Gruppe 1 2017"]
[Date "2017.12.03"]
[Round "4.4"]
[White "Schaefer, Martin"]
[Black "Hornung, Ruediger"]
[Result "1/2-1/2"]
[WhiteElo "1740"]
[BlackElo "1930"]
[PlyCount "57"]
[EventDate "2017.??.??"]

1. e4 e6 2. d4 d5 3. exd5 exd5 4. Nf3 Bd6 5. Bg5 f6 6. Bh4 Ne7 7. c4 c6 8. c5
Bc7 9. Nc3 O-O 10. Bg3 b6 11. b4 a5 12. a3 Nf5 13. Bxc7 Qxc7 14. Be2 b5 15. O-O
Qf7 16. Qd2 a4 17. Bd3 Ne7 18. Rae1 Bg4 19. Qf4 Bxf3 20. Qxf3 Ng6 21. Re3 Re8
22. Rfe1 Rxe3 23. Rxe3 Na6 24. Bf5 Re8 25. Qe2 Kf8 26. Be6 Nf4 27. Bxf7 Nxe2+
28. Nxe2 Kxf7 29. Nc3 1/2-1/2

[Event "SG Drewer 1 - SV Rochade Eving 1"]
[Site "Verbandsklasse, Gruppe 1 2017"]
[Date "2017.12.03"]
[Round "4.5"]
[White "Pahne, Dirk"]
[Black "Schaepers, Lars"]
[Result "1/2-1/2"]
[WhiteElo "1909"]
[BlackElo "1715"]
[PlyCount "61"]
[EventDate "2017.??.??"]

1. e4 e6 2. d4 d5 3. Nd2 dxe4 4. Nxe4 Nd7 5. c3 Ngf6 6. Bd3 Nxe4 7. Bxe4 Nf6 8.
Bf3 c5 9. Be3 Qb6 10. Qb3 Be7 11. Ne2 O-O 12. dxc5 Bxc5 13. Qxb6 axb6 14. Bxc5
bxc5 15. Ng3 e5 16. Ne4 Nxe4 17. Bxe4 Be6 18. a3 Rad8 19. Rd1 Rxd1+ 20. Kxd1 f5
21. Bf3 e4 22. Be2 Bb3+ 23. Kc1 f4 24. Re1 Kf7 25. Bd1 Bxd1 26. Kxd1 Re8 27.
Ke2 Kf6 28. Rd1 Ke6 29. g3 g5 30. gxf4 gxf4 31. Rg1 1/2-1/2

[Event "SG Drewer 1 - SV Rochade Eving 1"]
[Site "Verbandsklasse, Gruppe 1 2017"]
[Date "2017.12.03"]
[Round "4.6"]
[White "Pennig, Felix"]
[Black "Jaehnicke, Karl-Heinz"]
[Result "1-0"]
[WhiteElo "1704"]
[BlackElo "1764"]
[PlyCount "41"]
[EventDate "2017.??.??"]

1. e4 d6 2. d4 Nf6 3. Nc3 g6 4. Be3 Bg7 5. f3 O-O 6. Qd2 Nc6 7. Nge2 e6 8.
O-O-O a6 9. g4 b5 10. Ng3 Kh8 11. h4 e5 12. d5 Na5 13. h5 gxh5 14. Nxh5 Nxh5
15. Rxh5 Qf6 16. Qh2 Qg6 17. Bd3 Bd7 18. Rh1 f6 19. f4 Bxg4 20. Rxh7+ Kg8 21.
f5 1-0

[Event "SG Drewer 1 - SV Rochade Eving 1"]
[Site "Verbandsklasse, Gruppe 1 2017"]
[Date "2017.12.03"]
[Round "4.7"]
[White "Regber, Karl-Heinz"]
[Black "Nordhoff, Georg"]
[Result "1/2-1/2"]
[WhiteElo "1615"]
[BlackElo "1661"]
[PlyCount "87"]
[EventDate "2017.??.??"]

1. Nf3 Nc6 2. d4 d5 3. e3 Nf6 4. c4 e6 5. a3 Be7 6. Nc3 O-O 7. Bd3 dxc4 8. Bxc4
Nd5 9. Bd2 f5 10. O-O Bf6 11. Nxd5 exd5 12. Ba2 Be6 13. Rc1 Qd7 14. Qb3 Rab8
15. Bc3 Rfe8 16. Qc2 Bf7 17. b4 Nd8 18. Ne5 Qe6 19. Qa4 Bxe5 20. dxe5 a6 21.
Rfd1 c6 22. f4 Bh5 23. Rd2 Qg6 24. Kh1 Ne6 25. Qc2 Rf8 26. Bd4 Nxd4 27. Rxd4
Qe6 28. Qc5 Kh8 29. Rd2 Rfc8 30. Qb6 Qe7 31. Bb1 Rf8 32. Qd4 Be8 33. Rg1 Qh4
34. g3 Qh6 35. Qc5 Bh5 36. Rf1 Qe6 37. Qc2 Bg6 38. Qc5 Kg8 39. a4 Be8 40. a5
Bd7 41. Qd4 Rbe8 42. Qc5 Bc8 43. Qc2 Qh6 44. Qd1 1/2-1/2

[Event "SW Oberhausen 1 - SV Wattenscheid 3"]
[Site "Verbandsklasse, Gruppe 1 2017"]
[Date "2017.12.03"]
[Round "4.1"]
[White "Leveikina, Jevgenija"]
[Black "Puetter, Pascal"]
[Result "1-0"]
[WhiteElo "2035"]
[BlackElo "1972"]
[PlyCount "43"]
[EventDate "2017.??.??"]

1. e4 e6 2. Nf3 c5 3. c3 d5 4. exd5 Qxd5 5. d4 Nc6 6. Na3 a6 7. Be2 cxd4 8. Nc4
Bc5 9. b4 Ba7 10. Bf4 Nf6 11. Nd6+ Kf8 12. c4 Qh5 13. Ne5 Qxe5 14. Bxe5 Nxe5
15. O-O Ke7 16. c5 Nc6 17. Bf3 Nxb4 18. Qxd4 Nc6 19. Bxc6 bxc6 20. Rfe1 Bd7 21.
Nf5+ Kf8 22. Qd6+ 1-0

[Event "SW Oberhausen 1 - SV Wattenscheid 3"]
[Site "Verbandsklasse, Gruppe 1 2017"]
[Date "2017.12.03"]
[Round "4.2"]
[White "Matthes, Severin Johannes"]
[Black "Wolf, Ulrich"]
[Result "0-1"]
[WhiteElo "1822"]
[BlackElo "2050"]
[PlyCount "84"]
[EventDate "2017.??.??"]

1. e4 c5 2. Nf3 e6 3. d4 cxd4 4. Nxd4 a6 5. c4 Nf6 6. Nc3 Qc7 7. Bd3 d6 8. O-O
Be7 9. Kh1 O-O 10. Nb3 b6 11. Bf4 Bb7 12. Rc1 Nbd7 13. f3 Rac8 14. Bb1 Qb8 15.
Qe2 Rfe8 16. Rfd1 Nh5 17. Be3 Nhf6 18. Bf4 Nh5 19. Be3 Qc7 20. Qf2 Bd8 21. g4
Nhf6 22. Bf4 Ne5 23. Bxe5 dxe5 24. a4 Be7 25. a5 bxa5 26. Na4 Bb4 27. c5 Bc6
28. Nb6 Rcd8 29. Nd2 Bb5 30. Nb3 Rxd1+ 31. Rxd1 a4 32. g5 Nxe4 33. Bxe4 axb3
34. Bxh7+ Kf8 35. Rc1 Rd8 36. Be4 Bd2 37. Rd1 Bxg5 38. Rg1 Rd2 39. Qg3 Bh6 40.
Rc1 Bf4 41. Qe1 Rxh2+ 42. Kg1 Re2 0-1

[Event "SW Oberhausen 1 - SV Wattenscheid 3"]
[Site "Verbandsklasse, Gruppe 1 2017"]
[Date "2017.12.03"]
[Round "4.3"]
[White "Thelen, Thomas"]
[Black "Kuckelkorn, Joerg"]
[Result "1/2-1/2"]
[WhiteElo "1990"]
[BlackElo "1831"]
[PlyCount "141"]
[EventDate "2017.??.??"]

1. d4 f5 2. e4 fxe4 3. Nc3 Nf6 4. g4 d5 5. g5 Ng8 6. f3 Nc6 7. fxe4 dxe4 8. d5
Ne5 9. Qd4 Nf7 10. Qxe4 Nd6 11. Qe5 Nf7 12. Qg3 e5 13. Bd3 g6 14. Nf3 Bg7 15.
h4 Ne7 16. h5 Nf5 17. Bxf5 gxf5 18. h6 f4 19. hxg7 fxg3 20. gxh8=Q+ Nxh8 21.
Rxh7 Ng6 22. Ne4 Bf5 23. Nf6+ Kf8 24. Nxe5 Nxe5 25. Rh8+ Kf7 26. Rxd8 Rxd8 27.
Bf4 Rh8 28. Ke2 Rh2+ 29. Ke3 Nc4+ 30. Kf3 Rxc2 31. Rc1 g2 32. Rg1 Rxb2 33. Rxg2
Rxg2 34. Kxg2 Nd6 35. Kf3 Kg6 36. Bxd6 cxd6 37. Ne8 Bb1 38. a3 Kxg5 39. Nxd6
Kf6 40. Kf4 b6 41. Nc8 Ba2 42. Ke4 Bc4 43. Nxa7 Ba6 44. Nc6 Bb7 45. Ne5 Ke7 46.
Kd4 Kd6 47. Nc4+ Kc7 48. Ke5 Ba6 49. Nd2 Bc8 50. Ne4 Kd7 51. Nf6+ Kc7 52. Ne4
Kd7 53. Nc3 Kc7 54. Nb5+ Kd7 55. Nd4 Bb7 56. Nf5 Bc8 57. Ng7 Bb7 58. Nh5 Bc8
59. Nf6+ Kc7 60. d6+ Kc6 61. Nd5 Bh3 62. Nf4 Bd7 63. Ne6 Bc8 64. Nf4 Bd7 65.
Nd3 Bc8 66. Nb2 Bd7 67. Nc4 Bc8 68. a4 b5 69. axb5+ Kxb5 70. Kd5 Bd7 71. Ne5
1/2-1/2

[Event "SW Oberhausen 1 - SV Wattenscheid 3"]
[Site "Verbandsklasse, Gruppe 1 2017"]
[Date "2017.12.03"]
[Round "4.4"]
[White "Boecker, Juergen"]
[Black "Zwielich, Frank"]
[Result "0-1"]
[WhiteElo "1802"]
[BlackElo "1949"]
[Annotator "Daniel"]
[PlyCount "72"]
[EventDate "2017.??.??"]

1. e4 c5 2. Nc3 Nc6 3. f4 g6 4. Nf3 Bg7 5. Bb5 Nd4 6. a4 e6 7. O-O Ne7 8. d3 a6
9. Bc4 d5 10. Ba2 b5 11. e5 Nec6 12. Nxd4 Nxd4 13. Be3 Qb6 14. axb5 axb5 15.
Bxd4 cxd4 16. Ne2 f6 17. exf6 Bxf6 18. Qd2 O-O 19. Bb3 Bb7 20. Rae1 Rf7 21. Ng3
Raf8 22. Re2 Bg7 23. Ref2 Bh6 24. Ne2 e5 25. g3 Qc5 26. Qe1 Bc8 27. Kg2 $11 e4
28. dxe4 dxe4 29. Bxf7+ Rxf7 30. Nxd4 Qxd4 31. Rd2 Qb6 32. Qd1 Bb7 33. Rd8+ Bf8
34. Kh3 e3 35. Re1 Qe6+ 36. Qg4 Rf5 0-1

[Event "SW Oberhausen 1 - SV Wattenscheid 3"]
[Site "Verbandsklasse, Gruppe 1 2017"]
[Date "2017.12.03"]
[Round "4.5"]
[White "Doehmann, Joerg"]
[Black "Matthies, Jochen"]
[Result "1/2-1/2"]
[WhiteElo "1744"]
[BlackElo "1785"]
[PlyCount "54"]
[EventDate "2017.??.??"]

1. Nf3 d5 2. d4 Nf6 3. e3 c6 4. Bd3 g6 5. O-O Bg7 6. Nbd2 O-O 7. b3 Nbd7 8. Bb2
Re8 9. c4 b6 10. Rc1 Bb7 11. Qe2 c5 12. cxd5 Nxd5 13. Nc4 cxd4 14. Bxd4 e5 15.
Bb2 e4 16. Bxe4 Rxe4 17. Bxg7 Kxg7 18. Nd6 Nc5 19. Nxe4 Nxe4 20. Qb2+ Qf6 21.
Qxf6+ Kxf6 22. Rc2 Rc8 23. Rxc8 Bxc8 24. Rc1 Ba6 25. Rc6+ Kg7 26. a3 Ndc3 27.
Nd4 Nd5 1/2-1/2

[Event "SW Oberhausen 1 - SV Wattenscheid 3"]
[Site "Verbandsklasse, Gruppe 1 2017"]
[Date "2017.12.03"]
[Round "4.6"]
[White "Hibbeln, Christian"]
[Black "Schlee, Ulrich"]
[Result "1-0"]
[WhiteElo "1741"]
[BlackElo "1694"]
[PlyCount "67"]
[EventDate "2017.??.??"]

1. d4 d5 2. Bg5 c6 3. c3 Bf5 4. Nd2 Nd7 5. f3 Ngf6 6. Bh4 Qb6 7. Qb3 e6 8. g4
Bg6 9. Bf2 Be7 10. h4 h6 11. Nh3 Qc7 12. Bg2 Bd6 13. Nf1 e5 14. h5 Bh7 15.
O-O-O e4 16. Re1 O-O-O 17. Bh4 Rde8 18. e3 exf3 19. Bxf3 Ne4 20. Rg1 Nb6 21.
Bxe4 Bxe4 22. Nd2 Bh2 23. Nxe4 Bxg1 24. Bg3 Qe7 25. Nd6+ Kd7 26. Nf5 Qe4 27.
Nxg1 Qxg4 28. Qa3 Nc8 29. Qb4 b6 30. Rf1 g6 31. Rf4 Qxh5 32. Ng7 Qh1 33. Rxf7+
Re7 34. Rxe7+ 1-0

[Event "SW Oberhausen 1 - SV Wattenscheid 3"]
[Site "Verbandsklasse, Gruppe 1 2017"]
[Date "2017.12.03"]
[Round "4.7"]
[White "Hielscher, Klaus-Peter"]
[Black "Heintze, Sven"]
[Result "0-1"]
[WhiteElo "1695"]
[BlackElo "1655"]
[PlyCount "92"]
[EventDate "2017.??.??"]

1. c4 e5 2. Nc3 Nf6 3. g3 d5 4. cxd5 Nxd5 5. Bg2 Nb6 6. d3 Be7 7. Nf3 Nc6 8. a3
O-O 9. O-O Be6 10. b4 a5 11. b5 Nd4 12. Nxe5 Bf6 13. f4 Nb3 14. Rb1 Qd4+ 15.
Kh1 Qxc3 16. Bb2 Qd2 17. Bxb7 Qxd1 18. Rfxd1 Bxe5 19. Bxa8 Bxb2 20. Rxb2 Rxa8
21. f5 Na4 22. Rbb1 Nc3 23. fxe6 fxe6 24. Rxb3 Nxd1 25. Kg2 Ne3+ 26. Kf3 Nd5
27. e4 Rf8+ 28. Ke2 Nb6 29. Rc3 Rf7 30. Rc6 Re7 31. h4 Kf7 32. d4 Ke8 33. Rc3
Rf7 34. Rc6 Kd7 35. Rc3 Rf6 36. Rc1 h6 37. h5 g5 38. hxg6 Rxg6 39. Kf3 Rg5 40.
e5 h5 41. Rc3 Rg4 42. Rd3 Nd5 43. Kf2 h4 44. gxh4 Rxh4 45. Kg1 Rg4+ 46. Kf1 Rg2
0-1

[Event "SW Oberhausen 1 - SV Wattenscheid 3"]
[Site "Verbandsklasse, Gruppe 1 2017"]
[Date "2017.12.03"]
[Round "4.8"]
[White "Zimmer, Javier Miguel"]
[Black "Buechle, Regina"]
[Result "1/2-1/2"]
[WhiteElo "1591"]
[BlackElo "1695"]
[Annotator "Daniel"]
[PlyCount "112"]
[EventDate "2017.??.??"]

1. d4 d5 2. Bf4 c6 3. c3 Nf6 4. e3 Bf5 5. Bd3 Bxd3 6. Qxd3 e6 7. Nf3 Bd6 8. Bg3
Qe7 9. Nbd2 Nbd7 10. Bxd6 Qxd6 11. e4 dxe4 12. Nxe4 Nxe4 13. Qxe4 Nf6 $11 14.
Qe5 Rd8 15. Qg5 O-O 16. O-O h6 17. Qe3 Nd5 18. Qe4 Nf6 19. Qh4 Qd5 20. Rfe1 Qh5
21. Qg3 Qg4 22. Qc7 Rd7 23. Qa5 b6 24. Qa4 Rc7 25. h3 Qf4 26. Qc2 c5 27. dxc5
Rxc5 28. Rad1 Rfc8 29. Rd4 Qf5 30. Qd2 Rd5 31. Rxd5 Qxd5 32. Qxd5 Nxd5 33. g3
Rc5 34. Kf1 Kf8 35. Re4 a5 36. Ne5 Ke7 37. Nd3 Rc6 38. c4 Nf6 39. Rd4 Rd6 40.
Rxd6 Kxd6 41. f3 Nd7 42. Ke2 g6 43. Ke3 Ne5 44. Nxe5 Kxe5 45. f4+ Kd6 46. Kd4
f6 47. a3 e5+ 48. fxe5+ fxe5+ 49. Ke4 a4 50. g4 Ke6 51. h4 h5 52. g5 Kd6 53.
Kd3 Kc5 54. Ke4 Kd6 55. Kd3 Kc5 56. Ke4 Kd6 1/2-1/2

[Event "SV Waltrop 1 - DJK Wacker Bergeborbeck "]
[Site "Verbandsklasse, Gruppe 1 2017"]
[Date "2017.12.03"]
[Round "4.1"]
[White "Landscheidt, Heinz"]
[Black "Winterberg, Andreas"]
[Result "1/2-1/2"]
[WhiteElo "1852"]
[BlackElo "2002"]
[PlyCount "86"]
[EventDate "2017.??.??"]

1. e4 e5 2. Nf3 Nc6 3. Nc3 Nf6 4. d4 exd4 5. Nxd4 Bb4 6. Nxc6 bxc6 7. Bd3 d5 8.
exd5 cxd5 9. O-O O-O 10. Bg5 c6 11. Qf3 Be7 12. Rfe1 Be6 13. Ne2 Qd7 14. Ng3 h6
15. Bd2 Bg4 16. Bf5 Bxf3 17. Bxd7 Nxd7 18. Rxe7 Bg4 19. Rae1 Nf6 20. Rc7 Rfe8
21. Rxe8+ Rxe8 22. f3 Rc8 23. Rxa7 Be6 24. Bc3 Nd7 25. Nh5 g6 26. Nf4 Nf8 27.
Be5 Bf5 28. c3 Ne6 29. g4 Nxf4 30. Bxf4 Bd3 31. Kf2 Re8 32. Be3 f5 33. gxf5
gxf5 34. b4 h5 35. h4 Bc4 36. a4 Bd3 37. Rc7 Re6 38. Bg5 Bc4 39. Re7 Rxe7 40.
Bxe7 Kf7 41. Bg5 Ke6 42. Ke3 Kd6 43. Kf4 Be2 1/2-1/2

[Event "SV Waltrop 1 - DJK Wacker Bergeborbeck "]
[Site "Verbandsklasse, Gruppe 1 2017"]
[Date "2017.12.03"]
[Round "4.2"]
[White "Gasper, Joern"]
[Black "Grodotzki, Thomas"]
[Result "1-0"]
[WhiteElo "2013"]
[BlackElo "1941"]
[PlyCount "97"]
[EventDate "2017.??.??"]

1. e4 c5 2. c3 Nf6 3. e5 Nd5 4. Nf3 Nc6 5. Bc4 Nb6 6. Bb3 d6 7. exd6 c4 8. Bc2
Qxd6 9. b3 Bg4 10. Qe2 Qf4 11. Qe4 Qxe4+ 12. Bxe4 Bd7 13. Na3 cxb3 14. axb3 a6
15. d4 e6 16. O-O Be7 17. Nc4 Nxc4 18. bxc4 f5 19. Bd3 Bf6 20. Re1 O-O-O 21.
Bf4 h6 22. c5 Nb8 23. Ne5 g5 24. Nxd7 Kxd7 25. Bd6 Nc6 26. Rab1 b5 27. d5 Ne7
28. Rxe6 Nxd5 29. Bxf5 Bxc3 30. Re7+ Kc6 31. Be4 Rxd6 32. cxd6 Kxd6 33. Ra7 Ke5
34. Bxd5 Kxd5 35. Rxa6 b4 36. Rb6 Kc4 37. g3 Kd3 38. R6xb4 Bxb4 39. Rxb4 Kc3
40. Rb6 Kc4 41. Rd6 Kc5 42. Rd2 g4 43. Kg2 h5 44. f3 gxf3+ 45. Kxf3 Rf8+ 46.
Kg2 Rf5 47. Kh3 Kc4 48. Kh4 Kc3 49. Rd8 1-0

[Event "SV Waltrop 1 - DJK Wacker Bergeborbeck "]
[Site "Verbandsklasse, Gruppe 1 2017"]
[Date "2017.12.03"]
[Round "4.3"]
[White "Brandhorst, Dieter"]
[Black "Eckert, Marius"]
[Result "1/2-1/2"]
[WhiteElo "1907"]
[BlackElo "2004"]
[PlyCount "81"]
[EventDate "2017.??.??"]

1. Nf3 d5 2. d4 c6 3. g3 Bf5 4. Bg2 e6 5. Nbd2 Be7 6. O-O Nd7 7. Re1 Ngf6 8. c3
h6 9. Qb3 Qc8 10. Nh4 Bh7 11. e4 dxe4 12. Nxe4 Nxe4 13. Bxe4 Bxh4 14. Bxh7 Rxh7
15. gxh4 Qc7 16. d5 cxd5 17. Qxd5 O-O-O 18. Qd4 g5 19. h5 Nb6 20. Qe4 Rhh8 21.
Be3 Rd5 22. c4 Rf5 23. c5 Nd5 24. c6 b6 25. Rad1 g4 26. Bd4 Rd8 27. Be5 Qe7 28.
Qa4 Rxe5 29. Qa6+ Kb8 30. Rxe5 Qc7 31. Qb7+ Qxb7 32. cxb7 Kxb7 33. Re4 Rg8 34.
Rc1 Rg5 35. Rcc4 b5 36. Rc5 Kb6 37. b4 Rxh5 38. Rxg4 Rh3 39. Rc8 Ra3 40. Rb8+
Kc6 41. Rc8+ 1/2-1/2